Statistiques concernant Frontières de la Slovaquie

Cliquez ici pour prendre le quiz!

Statistiques générales

  • Ce quiz a été pris 79 fois
  • Le résultat moyen est 5 sur 5

Statistiques - réponses

Pays% Correct
Pologne
99%
République Tchèque
99%
Hongrie
97%
Autriche
95%
Ukraine
93%

Distribution des résultats

Percentile par nombre de réponses

% des personnes avec chaque résultat

Votre développement - résultats

Vous n’avez pas pris ce quiz